LDR 01129naa#a2200169#i#450# 001 RU\\bibl\126717 005 20260630024432.2 011 ## _a2223-9987 100 ## _a20260629b2026####ek#y0rusy0150####ca 102 ## _aRU 200 1# _aВолновые процессы в высоковольтной линии автоблокировки 10 кВ при серийных ударах молнии _eЖурнальная статья 210 1# _aСанкт-Петербург _cФГБОУ ВО "Петербургский государственный университет путей сообщения Императора Александра I" _d2026 215 ## _a12 с. 608 ## _aЖурнальная статья _2local 675 ## _aМеры безопасности. Сигналы. 656.25 _aЗащита и защитные устройства. Предохранители. Защитные автоматы. Грозозащита. Заземление. 621.316.9 _aВоздушные линии электропередачи. 621.315.1 _z 700 #1 _aСоловьев _gАлександр Дмитриевич 856 4# _aatjournal.ru _u